000 00582nam a2200229Ia 4500
003 OSt
005 20220924135530.0
006 a|||||r|||| 00| 0
007 ta
008 220923b |||||||| |||| 00| 0 ben d
024 _a291581
037 _cTextual
040 _aARTS
_cARTS
_bben
041 _2ben
_aben
082 _aO157,1M99x, K5.1
100 _aIslam Nazrul
_9176334
245 0 _aNazrul rachna sambhar
260 _c1965
650 _aBENGALI LITERATURE
942 _hO157,1M99x, K5.1
_cTEXL
_2CC
999 _c441043
_d441043